000 00397nmm a2200145Ia 4500
008 251105s9999||||xx |||||||||||||||||und||
041 _aspa
100 _aAraoz, Tamara
245 0 _aLa lista del hombre perfecto
264 _a[Madrid, España] :
_bEdiciones B,
_c2016
300 _a457 páginas
650 _aRomance
856 _uhttps://public.digitaliapublishing.com/a/53769
942 _cCF
999 _c106145
_d106145